Estadísticas para Mapa de África Occidental

Haz click aquí para tomar la prueba!

Estadísticas generales

  • Esta prueba ha sido tomada 622 veces
  • La puntuación promedio es 13 de 16

Respuestas en el mapa

Las respuestas están codificadas por una escala verde-roja en el mapa de la prueba según el % correcto abajo.
Cargando...
 

Estadísticas de respuestas

Respuesta% Correcto
Malí
94%
Nigeria
93%
Cabo Verde
92%
Mauritania
90%
Níger
90%
Senegal
87%
Burkina Faso
86%
Togo
86%
Gambia
83%
Costa de Marfil
82%
Ghana
81%
Sierra Leona
79%
Guinea-Bissau
79%
Benín
77%
Guinea
74%
Liberia
73%

Distribución de puntuación

Porcentaje por número respondido

Porcentaje de gente con cada puntuación

Historial de tus puntuaciones

No has tomado esta prueba